| Tag |
First Indicator |
Second Indicator |
Subfields |
| LEADER |
00000cam a2200000 4500 |
| 001 |
in00000063190 |
| 005 |
20151008051721.0 |
| 008 |
760129s1961 nyu 00000 eng |
| 010 |
|
|
|a 61015389
|
| 035 |
|
|
|a (OCoLC)01952224
|
| 035 |
|
|
|9 AAG9589AM
|
| 040 |
|
|
|a DLC
|c ROB
|d TXA
|d UtOrBLW
|
| 049 |
|
|
|a TXAM
|c [344208]
|
| 050 |
|
0 |
|a HC60
|b .W53
|
| 082 |
0 |
|
|a 309.2206173
|
| 092 |
|
|
|a 309.22
|b W769p
|
| 100 |
1 |
|
|a Wingenbach, Charles E.
|
| 245 |
1 |
4 |
|a The Peace Corps ;
|b who, how, and where /
|c With a foreword by Hubert H. Humprey.
|
| 264 |
|
1 |
|a New York :
|b John Day Co.,
|c [1961]
|
| 264 |
|
4 |
|c ©1961
|
| 300 |
|
|
|a 154 pages ;
|c 19 cm.
|
| 336 |
|
|
|a text
|b txt
|2 rdacontent
|
| 337 |
|
|
|a unmediated
|b n
|2 rdamedia
|
| 338 |
|
|
|a volume
|b nc
|2 rdacarrier
|
| 610 |
1 |
0 |
|a Peace Corps (U.S.)
|
| 999 |
|
|
|a MARS
|
| 999 |
f |
f |
|s 00ad9a43-26e6-3f82-b164-99d619ea14b8
|i 06fafb71-1c9f-3340-92fb-dbcea6afdfac
|t 0
|
| 952 |
f |
f |
|p ric
|a Texas A&M University
|b Rellis Campus
|c Joint Library Facility
|d Remote Storage
|t 0
|e HC60 .W53
|h Library of Congress classification
|i unmediated -- volume
|m A14800651549
|
| 998 |
f |
f |
|a HC60 .W53
|t 0
|l Remote Storage
|